ბათუმის შოთა რუსთაველის სახელმწიფო უნივერსიტეტის ბიბლიოთეკა

Большая советская энциклопедия (ბიბ.ჩანაწერი № 48337)

000 -LEADER
fixed length control field 00779nam a2200217Ia 4500
001 - CONTROL NUMBER
control field 15225
003 - CONTROL NUMBER IDENTIFIER
control field GE_BSU
008 - FIXED-LENGTH DATA ELEMENTS--GENERAL INFORMATION
fixed length control field 181216s||||||||xx |||||||||||||| ||und||
040 ## - CATALOGING SOURCE
Transcribing agency GE_BSU
080 ## - UNIVERSAL DECIMAL CLASSIFICATION NUMBER
Universal Decimal Classification number 030(=161.1)
245 ## - TITLE STATEMENT
Title Большая советская энциклопедия
245 ## - TITLE STATEMENT
Statement of responsibility, etc. Гл. ред. Б.А.Введенский. Члены гл.ред.Н.Н.Аничков. А.Н.Баранов. И.П. Бардин и др.
250 ## - EDITION STATEMENT
Edition statement 2-е изд.
260 ## - PUBLICATION, DISTRIBUTION, ETC.
Place of publication, distribution, etc. Москва
260 ## - PUBLICATION, DISTRIBUTION, ETC.
Name of publisher, distributor, etc. Большая советская энциклопедия
260 ## - PUBLICATION, DISTRIBUTION, ETC.
Date of publication, distribution, etc. 1957
300 ## - PHYSICAL DESCRIPTION
Extent 761стр.илл.1портр.
300 ## - PHYSICAL DESCRIPTION
Accompanying material Именой указатель: стр.735
653 ## - INDEX TERM--UNCONTROLLED
Uncontrolled term Большая советская энциклопедия
942 ## - ADDED ENTRY ELEMENTS (KOHA)
Koha item type წიგნი
ეგზემპლარები
Withdrawn status Lost status Damaged status Not for loan Date acquired Barcode Date last seen Price effective from Koha item type
        2018-12-17 21089 2018-12-17 2018-12-17 წიგნი